000 00308nam a22001337a 4500
008 171201b xxu||||| |||| 00| 0 eng d
020 _a9781931442480
041 _aeng
080 _a37
100 _a46
101 _aEDU
245 _aTHE RESEARCH METHODS KNOWLEDGE BASE
_cTROCHIM, W.M.K
942 _2udc
_cBK
999 _c38676
_d38676